000 00270nam a22001217a 4500
008 181022b xxu||||| |||| 00| 0 eng d
041 _aeng
080 _a821
100 _a21
101 _aGJL
245 _aTechniques of Fiction Writing
_cMcGraw, E.J
942 _2udc
_cBK
999 _c50554
_d50554